Vybrané otázky vývoje struktúry a využívaní kvalifikovaných pracovních sil v podmínkach intenzifikace výskumná správa

Salvato in:
Dettagli Bibliografici
Autore principale: Kalinová, Lenka
Natura: Libro
Lingua:ceco
Pubblicazione: Praha Ústřední ústav národohospodářského výzkumu 1985
Tags: Aggiungi Tag
Nessun Tag, puoi essere il primo ad aggiungerne!!

MARC

LEADER 00000nam a2200000 4500
001 c103336
005 20181203150244.9
041 0 |a cze 
044 |a CZ 
245 1 0 |a Vybrané otázky vývoje struktúry a využívaní kvalifikovaných pracovních sil v podmínkach intenzifikace  |b výskumná správa  |c L. Kalinová 
264 1 |a Praha  |b Ústřední ústav národohospodářského výzkumu  |c 1985 
300 |a Nestr. 
100 1 |a Kalinová, Lenka